000 00572nam a2200169 i 4500
001 45481
003 ES-MaACL
005 20230906161226.0
007 t|
008 030326s1971 sp ||||1| spa d
100 1 _aColl Tomás, Baltasar.
_939631
245 1 0 _aFolklore de Llucmajor /
_cBaltasar Coll Tomás ; ilustraciones de F. Salvá de S'Allapassa.
260 _aLlucmajor (Palma de Mallorca) :
_b[s.n.,
_c1971] (
_fImp. Moderna)
300 _a124 p., 2 lám. :
_bil. ;
_c21 cm.
700 1 _aSalvá de S'Allapassa, F.
_9102057
852 _aES-MaACL
_jC-47267
_bR.79743
999 _c45481
_d45481